000 00637nam a2200277Ia 4500
005 20260324142910.0
008 008 260324s9999 xx 000 0 eng d
020 _a9781003580539
037 _aEBOOK
040 _aCRL
040 _beng
040 _cCRL
041 _2eng
041 _aeng
084 _qCRL
100 _aDiane Watters; Martin Lavin
_91202498
245 0 _aProgrammed Cell Death
260 _bTaylor and Francis
260 _c1993
365 _a
365 _b520
856 _uhttp://www.taylorfrancis.com/books/9781003580539
942 _cEBOOK
999 _c1818398
_d1818398